Представление документа в формате RUSMARC

ПолеНазваниеЗначение
  Тип записи c
  Библиографический уровень m
001 Контрольный номер UONB/MAIN/f51205681e034b378585c62623d24108
005 Дата корректировки 20241120182133.7
010 Индекс ISBN __
9 Тираж 5000 экз.
013 Номер (ISMN) __
d Цена 8750 р.
071 Издательские номер (звукозапись и ноты) 21
a Номер, присвоенный агентством 13039
100 Данные общей обработки __
a Данные общей обработки 20241120d1995 u y0rusy0189 ca
101 Язык документа 0_
a Язык текста rus
f Язык титульного листа rus
102 Страна публикации __
a Страна публикации RU
125 Кодированные данные звукозаписи и нотных изданий __
a Форма изложения нотного текста z
128 Кодированные данные (звукозаписи-физические характеристики) __
a Кодированные данные: Музыкальная форма и тональность или лад li
c Инструменты или голоса, рекомендуемые для солистов (устаревшее) vu
200 Заглавие и сведения об ответственности 1_
a Заглавие Русские романсы
e Сведения, относящиеся к заглавию для голоса в сопровождении шестиструнной или семиструнной гитары
f Первые сведения об ответственности составитель Г. Карева
g Последующие сведения об ответственности предисловие И. Смирновой
203 Вид содержания и тип средства __
a Вид содержания Музыка
b Характеристика содержания знаковая
c Тип средства непосредственная
205 Сведения об издании __
a Основные сведения об издании Переизд.
210 Выходные данные 1_
a Место издания Москва
c Издательство Музыка
d Дата издания 1995
215 Физическое описание __
a Объем 48 с.
d Формат 29 см
327 Примечание о содержании 11
a Примечание о содержании Содерж.: Глинка М. Не искушай меня без нужды... : элегия / сл. Е. Баратынского. Даргомыжский А. Мне грустно / сл. М. Лермонтова. Балакирев М. Обойми, поцелуй... / сл. А. Кольцова. Алябьев А. Нищая / сл. П.-Ж. Беранже. Варламов А. Не отходи от меня / сл. А. Фета ; Напоминание. Гурилев А. Колокольчик / сл. И. Макарова ; Грусть девушки / сл. А. Кольцова. Булахов П. Колокольчики мои, цветики степные / сл. А. К. Толстого ; Свидание / сл. Н. Грекова ; Не пробуждай воспоминаний / сл. Н. Н. ; Гори, гори, моя звезда! / сл. В. Чуевского. Абаза А. Утро туманное / сл. И. Тургенева. Музыка неизвестного автора. Я встретил вас / сл. Ф. Тютчева. Гуэрчиа А. Нет, не любил он! / рус. текст М. Медведева. Харито Н. Отцвели хризантемы... / сл. В. Шумского. Кейль Б. Нет, нет, не хочу... / сл. А. Сурина. Шишкин Н. Ночь светла / сл. М. Языкова. Фельдман Я. Ямщик, не гони лошадей / сл. Н. Риттера.
464 Аналитический уровень _0
1 700 1
a Глинка
b М.
1 702 1
a Баратынский
b Е.
4 520
1 2001
a Не искушай меня без нужды...
e элегия
464 Аналитический уровень _0
1 036
t Мне грустно, потому что я тебя люблю...
1 700 1
a Даргомыжский
b А.
1 702 1
a Лермонтов
b М.
4 520
1 2001
a Мне грустно
464 Аналитический уровень _0
1 036
t Обойми, поцелуй, приголубь, приласкай...
1 700 1
a Балакирев
b М.
1 702 1
a Кольцов
b А.
4 520
1 2001
a Обойми, поцелуй...
464 Аналитический уровень _0
1 036
t Зима, метель, и в крупных хлопьях...
1 700 1
a Алябьев
b А.
1 702 1
a Беранже
b П.-Ж.
4 520
1 2001
a Нищая
464 Аналитический уровень _0
1 700 1
a Варламов
b А.
1 702 1
a Фет
b А.
4 520
1 2001
a Не отходи от меня
464 Аналитический уровень _0
1 036
t Ты помнишь ли тот взгляд красноречивый...
1 700 1
a Варламов
b А.
1 2001
a Напоминание
464 Аналитический уровень _0
1 036
t Однозвучно гремит колокольчик...
1 700 1
a Гурилев
b А.
1 702 1
a Макаров
b И.
4 520
1 2001
a Колокольчик
464 Аналитический уровень _0
1 036
t Отчего, скажи...
1 700 1
a Гурилев
b А.
1 702 1
a Кольцов
b А.
4 520
1 2001
a Грусть девушки
464 Аналитический уровень _0
1 700 1
a Булахов
b А.
1 702 1
a Толстой
b А. К.
4 520
1 2001
a Колокольчики мои, цветики степные
464 Аналитический уровень _0
1 036
t В час, когда мерцанье...
1 700 1
a Булахов
b П.
1 702 1
a Греков
b Н.
4 520
1 2001
a Свидание
464 Аналитический уровень _0
1 700 1
a Булахов
b П.
1 702 1
a Н. Н
4 520
1 2001
a Не пробуждай воспоминаний / сл. Н. Н.
464 Аналитический уровень _0
1 700 1
a Булахов
b П.
1 702 1
a Чуевский
b В.
4 520
1 2001
a Гори, гори, моя звезда!
464 Аналитический уровень _0
1 036
t Утро туманное, утро седое...
1 700 1
a Абаза
b А.
1 702 1
a Тургенев
b И.
4 520
1 2001
a Утро туманное
464 Аналитический уровень _0
1 036
t Я встретил вас - и все былое...
1 700 1
a Музыка неизвестного автора
1 702 1
a Тютчев
b Ф.
4 520
1 2001
a Я встретил вас
464 Аналитический уровень _0
1 036
t Он говорил мне: "Будь ты моею...
1 700 1
a Гуэрчиа
b А.
1 702 1
a Медведев
b М.
4 520
1 2001
a Нет, не любил он!
464 Аналитический уровень _0
1 036
t В том саду, где мы с вами встретились...
1 700 1
a Харито
b Н.
1 702 1
a Шумской
b В.
4 520
1 2001
a Отцвели хризантемы...
464 Аналитический уровень _0
1 036
t Разлюбила и довольно...
1 700 1
a Кейль
b Б.
1 702 1
a Сурин
b А.
4 520
1 2001
a Нет, нет, не хочу...
464 Аналитический уровень _0
1 036
t Ночь светла... Над рекой тихо светит луна...
1 700 1
a Шишкин
b Н.
1 702 1
a Языков
b М.
4 520
1 2001
a Ночь светла
464 Аналитический уровень _0
1 036
t Как грустно, туманно кругом...
1 700 1
a Фельдман
b Я.
1 702 1
a Риттер
b Н.
4 520
1 2001
a Ямщик, не гони лошадей
606 Тематические рубрики 0_
a Основная рубрика Сольное пение
x Основная подрубрика Романсы русских композиторов
610 Ключевые слова 0_
a Ключевые слова сольное пение; романсы русских композиторов
686 Индексы других классификаций __
2 Код системы rubbk
a Классификационный индекс 85.943.4-64-043.3я43
702 Вторичная интеллектуальная ответственность _1
a Фамилия Карева
b Имя (инициалы) Г. А.
g Полное личное имя Галина Алексеевна
4 Код отношения 220
702 Вторичная интеллектуальная ответственность _1
a Фамилия Смирнова
b Имя (инициалы) И.
4 Код отношения 080
801 Источник записи _0
a Страна RU
b Организация Ульяновская ОНБ
c Дата составления 20241120
g Правила каталогизации RCR
801 Источник записи _1
a Страна RU
b Организация Ульяновская ОНБ
c Дата составления 20241120
g Правила каталогизации RCR
901 Тип документа __
t Тип документа m
909 Создатель записи __
b Дата создания записи 20241120
a Создатель записи Никитина Т. А.